Statistics for Word Puzzles - TV Titles #1

Click here to take the quiz!

General Stats

  • This quiz has been taken 27,508 times
  • The average score is 27 of 40

Answer Stats

ClueAnswer% Correct
Not goodBad
97%
Queen's husbandKing
96%
1+1Two
96%
(TV title)Breaking Bad
92%
Certain car pedalBrake
90%
What a fish uses to breatheGill
88%
Most common wordThe
88%
Stinging insectBee
87%
Do, Re, ...Mi
85%
The 13th letter spelled outEm
83%
First name of pop princess MontanaHannah
83%
Queen BoleynAnne
81%
2,000 lbsTon
81%
Part of a moleculeAtom
80%
Female childrenGirls
79%
Scottish lakeLoch
73%
Part of a six-packAb
72%
Step onto a shipBoard
70%
Feathers used in pillowsDown
69%
Chinese cooking utensilWok
69%
(TV title)Gilmore Girls
68%
(TV title)Grey's Anatomy
67%
(TV title)Downton Abbey
66%
Two of a kindPair
65%
CertainSure
64%
Car part called a bonnet in the UKHood
63%
Member of the periodic tableElement
61%
Forage for grassGraze
61%
Historical Muslim of SpainMoor
58%
(TV title)Sherlock
58%
Jim Morrison's bandDoors
57%
Tree creature of Middle EarthEnt
53%
(TV title)The Tudors
48%
(TV title)Parenthood
47%
Structure for cremating bodiesPyre
45%
(TV title)Boardwalk Empire
44%
(TV title)Elementary
41%
(TV title)Hannibal
31%
Eagle's nestEyrie
29%
Papal edictBull
25%

Score Distribution

Percentile by Number Answered

Percent of People with Each Score

Your Score History

You have not taken this quiz